"Migration, remittances and development in South Asia" (Record no. 692071)

MARC details
000 -LEADER
fixed length control field 00723nam a2200241Ia 4500
003 - CONTROL NUMBER IDENTIFIER
control field OSt
005 - DATE AND TIME OF LATEST TRANSACTION
control field 20220927105344.0
008 - FIXED-LENGTH DATA ELEMENTS--GENERAL INFORMATION
fixed length control field 220926b |||||||| |||| 00| 0 eng d
020 ## - INTERNATIONAL STANDARD BOOK NUMBER
International Standard Book Number 9788132106418
037 ## - SOURCE OF ACQUISITION
Terms of availability Reference Collections
040 ## - CATALOGING SOURCE
Original cataloging agency RTL
Transcribing agency RTL
Language of cataloging eng
041 ## - LANGUAGE CODE
Source of code eng
Language code of text/sound track or separate title eng
100 ## - MAIN ENTRY--PERSONAL NAME
Personal name KELEGAMA Saman
9 (RLIN) 371914
245 #0 - TITLE STATEMENT
Title "Migration, remittances and development in South Asia"
260 ## - PUBLICATION, DISTRIBUTION, ETC.
Place of publication, distribution, etc. New
Name of publisher, distributor, etc. "Delhi, Sage Publications, "
Date of publication, distribution, etc. 2011
300 ## - PHYSICAL DESCRIPTION
Extent "xxi, 346p"
Dimensions cm.
942 ## - ADDED ENTRY ELEMENTS (KOHA)
Classification part "Y49(X:9J2).2120j49G, Q1"
Koha item type
Holdings
Withdrawn status Lost status Damaged status Not for loan Home library Current library Date acquired Total Checkouts Full call number Barcode Date last seen Price effective from Koha item type
        Ratan Tata Library Ratan Tata Library 2022-09-27   "Y49(X:9J2).2120j49G Q1" RT1330787 2022-09-27 2022-09-27  
Copyright @ Delhi University Library System